000 00943nam a2200193Ii 4500
003 JO-AjNU
008 230605s9999||||xx |||||||||||||| ||und||
040 _aJO-AjNU
_bara
_erda
_cJO-AjNU
041 _aara
050 1 4 _aPJ6161.J3 1900
100 3 _aتأليف الجارم،علي؛ م.مشارك مصطفى أمين,
_eauthor
_917651
245 0 0 _aدليل البلاغة العربية الواضحة البيان والمعاني والبديع للمدراس الثانوية وهو يشتمل على حل جميع التمرينات التي تضمنها كتاب البلاغة الواضحة في اسلوب أدبي واضح
264 3 1 _aبيروت: دار المعارف، 1900
300 _a160ص
336 _atext
_btxt
_2rdacontent
337 _aunmediated
_bn
_2rdamedia
338 _avolume
_bnc
_2rdacarrier
650 4 _aاللغة العربية-البلاغة الواضحة-البيان-المعاني-البديع
_917652
999 _aA5498
_c9066
_d9066